Market leader : Course book
Contents: Critical business of our time:topics include work and leisure,travel and the web; case studies in each course book unit for real practice of key business skills
সংরক্ষণ করুন:
| প্রধান লেখক: | |
|---|---|
| বিন্যাস: | গ্রন্থ |
| ভাষা: | Undetermined |
| প্রকাশিত: |
Harlow
Pearson Education
2005
|
| বিষয়গুলি: | |
| ট্যাগগুলো: |
ট্যাগ যুক্ত করুন
কোনো ট্যাগ নেই, প্রথমজন হিসাবে ট্যাগ করুন!
|
| Thư viện lưu trữ: | Trung tâm Học liệu Trường Đại học Cần Thơ |
|---|
| LEADER | 00807nam a2200217Ia 4500 | ||
|---|---|---|---|
| 001 | CTU_134208 | ||
| 008 | 210402s9999 xx 000 0 und d | ||
| 020 | |c 78000 | ||
| 082 | |a 428.24 | ||
| 082 | |b C851e | ||
| 100 | |a Cotton, David | ||
| 245 | 0 | |a Market leader : | |
| 245 | 0 | |b Course book | |
| 260 | |a Harlow | ||
| 260 | |b Pearson Education | ||
| 260 | |c 2005 | ||
| 520 | |a Contents: Critical business of our time:topics include work and leisure,travel and the web; case studies in each course book unit for real practice of key business skills | ||
| 650 | |a English langauge,English langauge,Anh ngữ,Anh ngữ | ||
| 650 | |x Business english,Study and teaching,Tiếng Anh thương mại,Học và dạy | ||
| 904 | |i Tuyến | ||
| 980 | |a Trung tâm Học liệu Trường Đại học Cần Thơ | ||